| 000 | 00621nam a22002177a 4500 | ||
|---|---|---|---|
| 999 |
_c6364 _d6364 |
||
| 003 | OSt | ||
| 005 | 20191030093037.0 | ||
| 008 | 191030b ||||| |||| 00| 0 eng d | ||
| 020 | _a9780443103377 | ||
| 040 | _cDNLM | ||
| 082 | _aW50 M468t 2003 | ||
| 100 |
_aHope, Tony; Savulescue, Julian; Hendrick, Judith _913013 |
||
| 245 | _aMedical Ethics and Law: the core curriculum | ||
| 250 | _a2nd ed. | ||
| 260 |
_aEdinburge; _bChurchill, _c2008 |
||
| 300 |
_avii,270p; _bill: _c23.5cm |
||
| 504 | _aReferences, & index included | ||
| 650 |
_aMedical ethics _91970 |
||
| 650 |
_aLaw in medicine _95946 |
||
| 942 |
_2z _cO_SHELF |
||